China and the Uyghurs: a concise introduction (Record no. 1464213)

MARC details
000 -LEADER
fixed length control field 00325 a2200121 4500
000 - LEADER
fixed length control field nam a22 7a 4500
005 - DATE AND TIME OF LATEST TRANSACTION
control field 20250926164728.0
020 ## - INTERNATIONAL STANDARD BOOK NUMBER
International Standard Book Number 9781538162972 (hbk)
100 ## - MAIN ENTRY--PERSONAL NAME
Personal name Rossabi, Morris
9 (RLIN) 846877
245 ## - TITLE STATEMENT
Title China and the Uyghurs: a concise introduction
260 ## - PUBLICATION, DISTRIBUTION, ETC.
Name of publisher, distributor, etc. Rowman & Littlefield
Date of publication, distribution, etc. 2022
942 ## - ADDED ENTRY ELEMENTS (KOHA)
Koha item type Textbook

No items available.

Copyright @ Delhi University Library System